00796naa a22001577i 450000100060000000300090000600500170001500800410003204000290007304100080010210001410011024501300025177302270038194200130060899900170062110398KOSZ 00520180421101307.0180421s2003 pl |||f| ||||0|| 0 pol  cKOSZ 005/HRaKOSZ 005/HR0 apol aDELUGA, Włodzimierz.d1993 - .bPolitechnika Koszalińska - Wydział Ekonomii i Zarządzania,cKatedra Marketingu i Badań Rynkowych aAnaliza źródeł przychodów społeczeństwa polskiego w latach 1996-2000 /cWłodzimierz Deluga, Jarosław Żuchowski.0 iW :tFormy finansowego wspomagania lokalnej przedsiębiorczości : praca zbiorowa / pod red. Jana Sobiecha i Danuty Zawadzkiej. - dKoszalin : Wydaw. Uczelniane Politechniki Koszalińskiej, 2003. -gs. 25-31z8373650474 cROZ2UKD c10398d10398